[Event "Gausdal Classics GM"]
[Site "Gausdal"]
[Date "2003.04.08"]
[Round "8"]
[White "Carlsen, Magnus"]
[Black "De Firmian, Nick E"]
[Result "0-1"]
[WhiteElo "2315"]
[BlackElo "2536"]
[PlyCount "118"]
[EventDate "2003.04.03"]
[EventType "tourn"]
[EventRounds "11"]
[EventCountry "NOR"]
[EventCategory "8"]
[SourceTitle "CBM 093 Extra"]
[Source "ChessBase"]
[SourceDate "2003.05.09"]
[SourceVersion "1"]
[SourceVersionDate "2003.05.09"]
[SourceQuality "1"]

1. Nf3 Nf6 2. c4 c5 3. Nc3 Nc6 4. g3 b6 5. Bg2 Bb7 6. O-O e6 7. d4 Nxd4 8. Nxd4 Bxg2 9. Kxg2 cxd4 10. Qxd4 Be7 11. Rd1 ({RR} 11. Bf4 O-O 12. b3 Qc8 13. Qd3 Qc6+ 14. Qf3 {½-½ (14) Kavalek,L (2545)-Christiansen,L (2550) Berkeley 1984}) ({RR} 11. e4 d6 12. b3 Qc7 13. f3 O-O 14. Bb2 Rfd8 15. Rad1 Qc5 {½-½ (15) Sikorova,O (2155)-Holemar,D (2180) Czech Republic CZE 2025}) 11... O-O 12. b3 Qc7 13. Bb2 $146 ({RR} 13. f3 d6 14. e4 Rfd8 15. Bb2 a6 16. Rd2 Qb7 17. Qd3 h6 18. Qe2 Nd7 19. Rad1 Nc5 20. Ba3 Qc7 21. Rc2 Bf6 22. Bc1 Be5 23. Be3 Rac8 24. Bd4 Nd7 25. Rcd2 Kf8 26. Bxe5 Nxe5 27. Na4 Qc6 {Lin,T (2380)-De Firmian,N (2430) Thessaloniki 1988 ½-½ (54)}) ({RR} 13. Qd3 a6 14. Qf3 Rac8 15. Bb2 Rfd8 16. Rac1 Qb8 17. a4 d6 18. Kg1 h6 19. Ba3 Nd7 20. Ne4 Nc5 21. Nxc5 bxc5 22. Bb2 Rd7 23. Rd3 Qb7 24. e4 Qc6 25. Qg4 Bf8 26. Re1 Rb8 27. Qf3 Rdb7 {Engqvist,T (2330)-De Firmian,N (2605) Stockholm 1998 ½-½ (50)}) ({RR} 13. Qd3 Rfd8 14. Bf4 d6 15. Rac1 a6 16. Qf3 Rac8 17. Ne4 Nxe4 {½-½ (17) Requera,G-Franco Ocampos,Z (2495) San Fernando 1991}) 13... Rfd8 14. Qf4 Qxf4 15. gxf4 a6 16. Rd3 Rab8 17. a4 Kf8 18. Rad1 Rb7 19. Kf3 Ke8 20. e3 Rc8 21. e4 Nh5 22. Bc1 g6 23. Be3 Rc6 24. e5 Ng7 25. Ne2 Bc5 26. Nc3 Be7 27. Ne2 Rcc7 28. Nd4 Bc5 29. Bd2 Rc8 30. Ke2 d6 31. exd6 Rd7 32. a5 Rxd6 33. Bc3 Nh5 34. Kf3 bxa5 35. Bxa5 Nf6 36. Ne2 Rxd3+ 37. Rxd3 Rb8 38. Bc7 Rb7 39. Be5 Nd7 40. Bd4 Bxd4 41. Nxd4 Nc5 42. Re3 Rb4 43. Ke2 a5 44. Nc6 Rxb3 45. Nxa5 Rb2+ 46. Kf3 Kd7 47. Re2 Rxe2 48. Kxe2 f6 49. Ke3 e5 50. fxe5 fxe5 51. f4 e4 52. Kd4 Kd6 53. h4 h5 54. Ke3 Kc7 55. Kd4 Kb6 56. Nb3 Nxb3+ 57. Kxe4 Nd2+ 58. Ke5 Nf3+ 59. Kd6 Nxh4 0-1

[Event "Baku FIDE GP"]
[Site "Baku"]
[Date "2008.04.27"]
[Round "6"]
[White "Carlsen, Magnus"]
[Black "Gashimov, Vugar"]
[Result "1/2-1/2"]
[WhiteElo "2765"]
[BlackElo "2679"]
[PlyCount "93"]
[EventDate "2008.04.21"]
[EventType "tourn"]
[EventRounds "13"]
[EventCountry "AZE"]
[EventCategory "19"]
[SourceTitle "CBM 124"]
[Source "ChessBase"]
[SourceDate "2008.05.28"]
[SourceVersion "1"]
[SourceVersionDate "2008.05.28"]
[SourceQuality "1"]

1. Nf3 Nf6 2. c4 c5 3. g3 d6 4. Bg2 Nc6 5. Nc3 g6 6. d4 cxd4 7. Nxd4 Bd7 8. Nxc6 Bxc6 9. e4 Bg7 10. O-O O-O 11. Bg5 ({RR} 11. Be3 Nd7 12. Qc2 Qa5 13. Rac1 Rfc8 14. Rfd1 a6 15. Qb1 b5 16. Nd5 Bxd5 17. cxd5 Ne5 18. Bh3 Rxc1 19. Bxc1 h5 20. Kg2 b4 21. b3 Ra7 22. Qc2 Rc7 23. Qe2 Qb5 24. Qxb5 axb5 25. Be3 Ng4 {Zhou Jianchao (2555)-Wieczorek,O (2512) Chicago USA 2023 ½-½ (68)}) ({RR} 11. Be3 a5 12. Qe2 Nd7 13. Rfd1 a4 14. Rac1 Qa5 15. Nd5 Bxd5 16. Rxd5 Qa6 17. h4 Rfc8 18. Rb5 Rc7 19. h5 Rac8 20. h6 Bh8 21. b4 axb3 22. axb3 Nc5 23. Qd1 Nd7 24. Bh3 Ra8 25. Bxd7 Rxd7 {Carlsen,M (2881)-Iturrizaga Bonelli,E (2653) Dubai 2014 1-0 (48)}) 11... h6 $146 ({RR} 11... Nd7 12. Qd2 a5 13. Nd5 Re8 14. Rab1 Nc5 15. b3 Bxd5 16. exd5 Bf6 17. h4 Qd7 18. Rfe1 Qf5 19. Rbd1 Bxg5 20. hxg5 f6 21. gxf6 exf6 22. Rxe8+ Rxe8 23. Qxa5 Re2 24. Rf1 Nd3 25. Qa8+ Kg7 26. Qxb7+ {Atalik,S (2543)-Borisek,J (2189) Bled 2001 1-0 (39)}) 12. Be3 Qa5 13. a3 Rfc8 14. b4 Qd8 15. Rc1 b6 16. Qe2 e6 17. Rfd1 Qe7 18. Nb5 Bxb5 19. cxb5 Rxc1 20. Rxc1 Rd8 21. Rc6 Kh7 22. h3 Ne8 23. Bd2 Bd4 24. a4 e5 25. h4 Nf6 26. Bf3 Qe6 27. Kg2 Rd7 28. Qc4 Qxc4 29. Rxc4 Kg7 30. Bc1 h5 31. Bg5 Nh7 32. Bd2 Nf6 33. Rc6 Ng4 34. Be1 Nf6 35. a5 d5 36. exd5 Nxd5 37. Bd2 Ne7 38. Bg5 Nxc6 39. bxc6 Rc7 40. Bd8 Rc8 41. c7 e4 42. Bxe4 Be5 43. Bb7 Rxc7 44. Bxc7 Bxc7 45. a6 b5 46. Bc6 Bd6 47. Bxb5 1/2-1/2

[Event "NOR-ch playoff"]
[Site "Oslo"]
[Date "2006.09.20"]
[Round "2"]
[White "Agdestein, Simen"]
[Black "Carlsen, Magnus"]
[Result "1/2-1/2"]
[WhiteElo "2575"]
[BlackElo "2675"]
[PlyCount "93"]
[EventDate "2006.09.19"]
[EventType "match"]
[EventRounds "4"]
[EventCountry "NOR"]
[SourceTitle "CBM 115"]
[Source "ChessBase"]
[SourceDate "2006.11.15"]
[SourceVersion "1"]
[SourceVersionDate "2006.11.15"]
[SourceQuality "1"]

1. c4 Nf6 2. Nc3 c5 3. Nf3 Nc6 4. g3 g6 5. Bg2 d6 6. d4 cxd4 7. Nxd4 Bd7 8. Nc2 Bg7 9. b3 O-O ({RR} 9... h5 10. h4 O-O 11. O-O Ng4 12. Bd2 a6 13. Rc1 Rb8 14. Ne3 Nce5 15. Nxg4 Nxg4 16. Bg5 Nf6 17. Nd5 Nxd5 18. cxd5 Re8 19. Qd2 a5 20. Rc2 Qb6 21. Be3 Qb4 22. Qxb4 axb4 23. Bd2 Bf5 24. e4 {Sujkowski,P (2047)-Mickiewicz,P (2224) Warsaw POL 2025 0-1 (48)}) 10. Bb2 Qa5 11. Qd2 Bf5 $146 ({RR} 11... a6 12. a3 Rac8 13. Ne3 Qb6 14. Rb1 e6 15. O-O Ne5 16. Ba1 Rfd8 17. Na2 Bc6 18. Bd4 Qc7 19. f3 d5 20. f4 Neg4 21. Nxg4 Nxg4 22. c5 Nf6 23. b4 Ne4 24. Qe3 e5 25. fxe5 Bxe5 26. Bxe4 {Lopez Martinez,J (2498)-Debray,C (2383) Barcelona 2012 1-0 (49)}) ({RR} 11... Rfe8 12. h3 a6 13. O-O Qh5 14. g4 Bxg4 15. hxg4 Nxg4 16. Rfd1 Qh2+ 17. Kf1 Qh4 18. e3 Nce5 19. Qe2 f5 20. Nd4 Rf8 21. Ne6 Bh6 22. Nxf8 Rxf8 23. Nd5 f4 24. Bxe5 fxe3 25. Nxe7+ Qxe7 26. Bd5+ {Donchenko,A (2633)-Martin Fuentes,A (2375) chess.com INT 2024 1-0}) 12. Rb1 d5 13. cxd5 Bxc2 14. Qxc2 Nxd5 15. Bxd5 Nb4 16. Qd2 Rad8 17. e4 e6 18. a3 exd5 19. axb4 Qxb4 20. e5 Bxe5 21. O-O d4 22. Ne4 Qxb3 23. Nc5 Qd5 24. Nd3 Bg7 25. Ra1 a6 26. Ra5 Qb3 27. Ra3 Qb5 28. Nf4 Rfe8 29. Rd3 Re4 30. Rd1 Qc4 31. Qa5 Qc8 32. Rc1 Qd7 33. Rc7 Qe8 34. Rxb7 Re5 35. Qc7 Re1+ 36. Kg2 g5 37. Nh3 Bf6 38. Rf3 g4 39. Rf4 gxh3+ 40. Kxh3 Re6 41. Rg4+ Bg7 42. Bxd4 Rh6+ 43. Kg2 Rg6 44. Rxg6 hxg6 45. Bxg7 Qe4+ 46. Kh3 Qf5+ 47. Kg2 1/2-1/2

[Event "Candidates sf"]
[Site "Elista"]
[Date "2007.06.03"]
[Round "1.11"]
[White "Aronian, Levon"]
[Black "Carlsen, Magnus"]
[Result "1-0"]
[WhiteElo "2759"]
[BlackElo "2693"]
[PlyCount "101"]
[EventDate "2007.05.27"]
[EventType "k.o."]
[EventRounds "12"]
[EventCountry "RUS"]
[SourceTitle "CBM 119"]
[Source "ChessBase"]
[SourceDate "2007.08.01"]
[SourceVersion "1"]
[SourceVersionDate "2007.08.01"]
[SourceQuality "1"]

1. d4 Nf6 2. Nf3 e6 3. c4 c5 4. g3 cxd4 5. Nxd4 Bb4+ 6. Bd2 Bc5 7. Nb3 Be7 8. Bg2 Nc6 9. Nc3 b6 10. Bf4 Bb7 11. O-O O-O 12. Bd6 ({RR} 12. Nb5 Ne8 13. Rc1 d6 14. Qd2 a6 15. N5d4 Rc8 16. Nxc6 Bxc6 17. Rfd1 Bxg2 18. Kxg2 Qc7 19. e4 Qb7 20. f3 h6 21. Be3 Nf6 22. Qf2 b5 23. c5 d5 24. c6 Qa8 25. e5 d4 26. Bxd4 Nd5 {Lei,T (2505)-Carlsen,M (2847) chess24.com INT 2021 0-1 (37)}) 12... Na5 $146 ({RR} 12... Bxd6 13. Qxd6 Qb8 14. Rfd1 Rd8 15. c5 Qxd6 16. cxd6 Rab8 17. Nb5 a6 18. Nc7 a5 19. Nd2 Na7 20. e4 Ne8 21. Nc4 Bc6 22. Rac1 f6 23. f4 Rb7 24. Nxe8 Rxe8 25. Kf2 Kf7 26. Ke3 Ra8 27. g4 {Barbosa,O (2506)-Ghaem Maghami,E (2606) Mashhad 2011 ½-½ (40)}) ({RR} 12... Ne8 13. Bxe7 Qxe7 14. Qd2 d6 15. Nd4 Nxd4 16. Qxd4 Bxg2 17. Kxg2 Nf6 18. Rfd1 Rfd8 19. Rd2 d5 20. cxd5 Nxd5 21. Rad1 Rac8 22. Nxd5 Rxd5 23. Qe4 Rxd2 24. Rxd2 g6 25. h4 h5 26. a3 {½-½ (26) Nielsen,P (2649)-Akopian,V (2698) Lugo 2007}) 13. Nxa5 Bxg2 14. Kxg2 bxa5 15. e4 Rc8 16. b3 Bxd6 17. Qxd6 a4 18. e5 Ne8 19. Qd4 axb3 20. axb3 f6 21. Rxa7 Rc7 22. Rxc7 Qxc7 23. exf6 Nxf6 24. Nb5 Qc6+ 25. f3 h6 26. Ra1 Nh7 27. Qe4 d5 28. Qe2 dxc4 29. Nd4 Qd5 30. Qxc4 Qxc4 31. bxc4 Rc8 32. Rc1 e5 33. Nf5 Kf8 34. c5 Ng5 35. Nd6 Rc6 36. h4 Ne6 37. Ne4 Ke7 38. h5 Rc7 39. Kh3 Nd4 40. Kg4 Ne6 41. Rc2 Nd4 42. Rc3 Rc6 43. Ra3 Ne6 44. Kf5 Nxc5 45. Rc3 g6+ 46. hxg6 Ne6 47. Rxc6 Nd4+ 48. Kg4 Nxc6 49. Kh5 Kf8 50. Kxh6 Ne7 51. Kh7 1-0

[Event "Arctic Chess Challenge"]
[Site "Tromsoe"]
[Date "2007.08.05"]
[Round "2"]
[White "Carlsen, Magnus"]
[Black "De Firmian, Nick E"]
[Result "1-0"]
[WhiteElo "2710"]
[BlackElo "2540"]
[PlyCount "71"]
[EventDate "2007.08.04"]
[EventType "swiss"]
[EventRounds "9"]
[EventCountry "NOR"]
[SourceTitle "CBM 119 Extra"]
[Source "ChessBase"]
[SourceDate "2007.09.04"]
[SourceVersion "1"]
[SourceVersionDate "2007.09.04"]
[SourceQuality "1"]

1. d4 Nf6 2. c4 e6 3. Nf3 c5 4. g3 cxd4 5. Nxd4 Nc6 6. Bg2 Bc5 7. Nb3 Bb4+ 8. Bd2 d5 9. cxd5 Nxd5 10. O-O O-O 11. Bxb4 ({RR} 11. a3 Bxd2 12. Qxd2 Qb6 13. Qc2 Bd7 14. Nc3 Nxc3 15. Qxc3 Rac8 16. Rfd1 Rfd8 17. Nd4 Na5 18. Qb4 e5 19. Qxb6 axb6 20. Nf3 Nb3 21. Rab1 Bf5 22. Rxd8+ Rxd8 23. Re1 f6 24. Nh4 Be6 25. Bxb7 Rd2 {Muratet Casadevall,A (2018)-Enkhrii Enkh-Amgalan (2184) chess.com INT 2025 0-1 (32)}) 11... Ncxb4 $146 ({RR} 11... Ndxb4 12. Qxd8 Rxd8 13. Nc3 e5 14. Nc5 Rb8 15. Rad1 Nd4 16. e3 Ne6 17. Rxd8+ Nxd8 18. Rd1 Nbc6 19. Nd7 Bxd7 20. Rxd7 Kf8 21. Nb5 a6 22. Nd6 f6 23. Nxb7 Nxb7 24. Bxc6 Nc5 25. Rd5 Ne6 26. b3 {Tukmakov,V (2570)-Meetei,A (2320) New Delhi 1986 1-0 (33)}) ({RR} 11... Ndxb4 12. Nc3 e5 13. a3 Na6 14. Ne4 Qb6 15. Nbd2 Qxb2 16. Nc4 Qd4 17. Ned6 Nc5 18. Qc2 Ne6 19. e3 Qc5 20. Rfc1 b5 21. Nxe5 Qxe5 22. Qxc6 Rb8 23. Nxc8 Rbxc8 24. Qxc8 Rxc8 25. Rxc8+ Nf8 26. Rd1 {Iskusnyh,S (2473)-Kovanova,B (2310) Chess.com INT 2021 1-0 (34)}) 12. Qd2 Qb6 13. Na3 Nxa2 14. Nd4 Ndb4 15. Nf3 Rd8 16. Qf4 Bd7 17. Nc4 Qa6 18. Rfd1 f6 19. Rd6 Nc3 20. Re1 Ncd5 21. Qe4 Qb5 22. b3 Nc3 23. Qd4 Ncd5 24. Qd2 Qc5 25. e4 b5 26. exd5 exd5 27. Rxd7 Rxd7 28. Nb2 Rc7 29. Nd3 Nxd3 30. Qxd3 Kh8 31. Nd4 a6 32. Qe2 Rcc8 33. Qg4 Re8 34. Ne6 Qe7 35. Bxd5 Rad8 36. Bc6 1-0

[Event "Dortmund SuperGM 37th"]
[Site "Dortmund"]
[Date "2009.07.03"]
[Round "2"]
[White "Leko, Peter"]
[Black "Carlsen, Magnus"]
[Result "1/2-1/2"]
[WhiteElo "2756"]
[BlackElo "2772"]
[PlyCount "49"]
[EventDate "2009.07.02"]
[EventType "tourn"]
[EventRounds "10"]
[EventCountry "GER"]
[EventCategory "20"]
[SourceTitle "CBM 131"]
[Source "ChessBase"]
[SourceDate "2009.07.15"]
[SourceVersion "1"]
[SourceVersionDate "2009.07.15"]
[SourceQuality "1"]

1. Nf3 Nf6 2. c4 c5 3. d4 cxd4 4. Nxd4 e6 5. g3 Bb4+ 6. Bd2 Be7 7. Bg2 Nc6 ({RR} 7... O-O 8. O-O Nc6 9. Nxc6 bxc6 10. e4 d5 11. cxd5 cxd5 12. exd5 Nxd5 13. Nc3 Nxc3 14. Bxc3 Ba6 15. Qg4 Bf6 16. Rfd1 Qe7 17. Rd7 h5 18. Rxe7 hxg4 19. Bxf6 gxf6 20. Bxa8 Rxa8 21. Rd1 Bb5 22. b3 {Borne,M (1673)-Wadelek,K (1979) Reykjavik ISL 2025 ½-½ (57)}) 8. Bf4 O-O 9. O-O ({RR} 9. Nc3 e5 10. Nxc6 bxc6 11. Bxe5 Qa5 12. Bd6 Bxd6 13. Qxd6 Ba6 14. Qd4 Rab8 15. O-O c5 16. Qd2 Bxc4 17. Rfd1 Be6 18. b3 Rfc8 19. Nd5 Qxd2 20. Rxd2 Kf8 21. Rc1 Nxd5 22. Bxd5 Ke7 23. Rc4 Rb4 {Dominguez Perez,L (2713)-Gashimov,V (2740) Nice 2010 0-1 (48)}) 9... Qb6 10. Nb5 $146 ({RR} 10. Nb3 d5 11. cxd5 Nxd5 12. Bxd5 exd5 13. Nc3 d4 14. Nd5 Qd8 15. Nxe7+ Qxe7 16. Nxd4 Nxd4 17. Qxd4 Qxe2 18. Rfe1 Qf3 19. Re3 Qc6 20. Rc3 Qb5 21. Rc5 Qb6 22. Bc7 Qg6 23. Bf4 h6 24. Rc7 Bh3 {Tjurins,I (2202)-Bellaiche,A (2454) Chalkidiki 2003 0-1 (33)}) 10... a6 11. Bc7 Qc5 12. Bd6 Bxd6 13. Nxd6 Nd4 14. e3 Qxd6 15. Qxd4 Qxd4 16. exd4 Rb8 17. Nc3 b6 18. Ne4 Nxe4 19. Bxe4 Bb7 20. Bxb7 Rxb7 21. Rac1 Rc8 22. Rc3 d5 23. Rfc1 Rxc4 24. Rxc4 dxc4 25. Rxc4 1/2-1/2

[Event "NOR-UKR Solidarity m"]
[Site "Tornelo INT"]
[Date "2022.04.23"]
[Round "1.1"]
[White "Ivanchuk, Vassily"]
[Black "Carlsen, Magnus"]
[Result "0-1"]
[WhiteElo "2678"]
[BlackElo "2864"]
[PlyCount "110"]
[EventDate "2022.04.23"]
[EventType "team-match"]
[EventRounds "4"]
[EventCountry "UKR"]
[SourceTitle "CBM 207 Extra"]
[Source "ChessBase"]
[SourceDate "2022.05.31"]
[SourceVersion "1"]
[SourceVersionDate "2022.05.31"]
[SourceQuality "1"]
[WhiteTeam "Ukraine"]
[BlackTeam "Norway"]
[WhiteTeamCountry "UKR"]
[BlackTeamCountry "NOR"]

1. d4 d5 2. c4 e6 3. Nc3 c5 4. Nf3 cxd4 5. Nxd4 Nf6 6. cxd5 Nxd5 7. Bd2 Be7 8. e4 Nxc3 9. Bxc3 O-O 10. Bd3 ({RR} 10. Be2 Qb6 11. O-O Rd8 12. Qb3 Na6 13. Qxb6 axb6 14. Bxa6 Rxa6 15. a3 Bd7 16. Rfd1 Kf8 17. Nc2 Raa8 18. Kf1 Bb5+ 19. Ke1 Bd3 20. Ne3 Bxe4 21. f3 Bc6 22. Nc4 b5 23. Ne5 Bd5 24. Rac1 f6 {Carlsen,M (2863)-So,W (2770) chess24.com INT 2020 ½-½ (53)}) 10... Qb6 ({RR} 10... Nd7 11. O-O Bf6 12. f4 e5 13. Nf3 Re8 14. Kh1 exf4 15. e5 Be7 16. Qc2 Nf8 17. Rad1 Qb6 18. Qa4 Be6 19. Qxf4 Ng6 20. Qa4 Rad8 21. Ba5 Bd7 22. Qxd7 Qxa5 23. Qxb7 Qxa2 24. Bxg6 hxg6 25. Qxe7 {Bortnyk,M (2381)-Huston,G (2316) New York USA 2025 1-0}) 11. O-O Rd8 12. Rc1 $146 ({RR} 12. Nf3 Nc6 13. Qe2 Nb4 14. Bc4 Nc6 15. h4 Bb4 16. h5 Bxc3 17. bxc3 Qc5 18. e5 Bd7 19. Qe4 h6 20. Bd3 Kf8 21. Rab1 Qd5 22. Rxb7 Bc8 23. Rc7 Qxd3 24. Qxc6 Qd5 25. Qa4 a5 26. Qa3+ Kg8 {Navaratnam,R (2071)-Rudzinska,M (2315) Bydgoszcz 2022 ½-½ (61)}) 12... Bd7 13. Qh5 Be8 14. Rfd1 Nc6 15. Nxc6 Bxc6 16. Qg4 Bf8 17. h4 Rd7 18. h5 Rad8 19. Bc2 Rxd1+ 20. Rxd1 h6 21. Rxd8 Qxd8 22. a3 a6 23. g3 Qd6 24. Kf1 Qc5 25. Kg1 Qc4 26. Qf3 f5 27. Bd3 Qa4 28. Qe2 Bxe4 29. Bxe4 fxe4 30. Qg4 Qc4 31. Qg6 Qd5 32. Qe8 a5 33. a4 b6 34. Kh2 Qf5 35. Kg1 Kh7 36. Bd4 Bc5 37. Bxc5 bxc5 38. b3 Qg4 39. Kh2 Qf5 40. Kg1 e5 41. Qa8 e3 42. fxe3 Qb1+ 43. Kf2 Qc2+ 44. Kf3 Qd1+ 45. Kf2 Qxb3 46. Qxa5 Qc2+ 47. Kf3 Qf5+ 48. Kg2 e4 49. Qe1 Qxh5 50. a5 Qf7 51. Qa1 Qf3+ 52. Kh2 Qxe3 53. a6 Qf2+ 54. Kh3 Qf5+ 55. Kh2 e3 0-1

[Event "Biel GM"]
[Site "Biel"]
[Date "2006.07.28"]
[Round "5"]
[White "Carlsen, Magnus"]
[Black "Volokitin, Andrei"]
[Result "0-1"]
[WhiteElo "2675"]
[BlackElo "2662"]
[Annotator "Marin,Mihail"]
[PlyCount "64"]
[EventDate "2006.07.24"]
[EventType "tourn"]
[EventRounds "10"]
[EventCountry "SUI"]
[EventCategory "17"]
[SourceTitle "CBM 114"]
[Source "ChessBase"]
[SourceDate "2006.10.02"]
[SourceVersion "1"]
[SourceVersionDate "2006.10.02"]
[SourceQuality "1"]

1. Nf3 Nf6 2. c4 c5 3. Nc3 Nc6 4. d4 cxd4 5. Nxd4 e6 6. g3 Qb6 7. Nb3 Ne5 8. e4 Bb4 9. Qe2 d6 10. f4 Nc6 11. Be3 Bxc3+ 12. bxc3 Qc7 13. Bg2 O-O 14. O-O {This variation allows White to obtain the pair of bishops and an optically impressive advantage of space. However, the chronic weakness of the c4-pawn (partly caused by the fact that the light-squared bishop has been developed on another diagonal than f1-d3) offers Black excellent prospects for active counterplay. This game will not question this general evaluation in any way.} b6 15. Nd4 {The fact that this logical move (aiming to take advantage that double pawns generally offer excellent outposts for minor pieces) fails to solve White's structural problems is a serious signal of alarm for the adherents of this whole setup.} Nxd4 $1 {This paradoxical move, allowing White to get rid of the double pawns, but in no way of his weakness on c4, is probably the simplest way out the opening.} (15... Bb7 {allows White develop some initiative with} 16. Nb5 {for instance:} Qe7 (16... Qb8 17. Nxd6 $6 {This leads to premature simplifications.} (17. Rad1 Rd8 18. g4 {looks better and if} Na5 {then} 19. f5 $1 $36 {taking advantage of the fact that the knight is far from the e5-square.}) 17... Qxd6 18. e5 Qe7 19. exf6 Qxf6 20. c5 Rac8 {1/2-1/2 Bui Vinh (2444)-Breder,D (2438)/Budapest 2002/CBM 090 ext (31)}) 17. Rad1 Rfd8 18. Bc1 $1 {The transfer of the bishop to the a3-f8 diagonal is the most efficient way of increasing the pressure against the relatively weak d6-pawn.} (18. Qd3 Ne8 19. Rf2 Na5 20. Nxa7 Rxa7 21. Bxb6 Bc6 22. c5 Rdd7 23. Bxa7 dxc5 24. Qb1 Rxa7 $15 {0-1 Ostenstad,B (2475)-Dvoirys,S (2525)/Gausdal 1991/TD (41)}) 18... Ne8 (18... a6 {unnecessarily weakens the b6-square. After the already familiar to us exchange operation} 19. Nxd6 Rxd6 20. Rxd6 Qxd6 21. e5 Qe7 22. exf6 Qxf6 {White has} 23. Qf2 $14) 19. Ba3 Na5 (19... a6 20. Nxd6 $1) 20. Rd4 e5 (20... Nc6 21. Rd2 { fd1}) 21. fxe5 Qxe5 22. Rfd1 $16 {1-0 Evdokimov,A (2356)-Zarezenko,I (2230)/Cherepovets 2001/EXT 2002 (56). with strong pressure for White.}) (15... e5 $6 {unnecessarily gives White chances for a kingside attack.} 16. Nb5 Qe7 17. f5 Bb7 18. Rad1 Rfd8 19. g4 Na5 20. Bc1 h6 21. h4 Nh7 22. g5 hxg5 23. hxg5 Nxg5 24. f6 gxf6 25. Rd3 $40 {1-0 Rotstein,A (2485)-Schlosser,P (2515)/Vienna 1998/EXT 99 (31)}) 16. cxd4 {White has built up an impressive pawn centre but Black has won time to attack his Achile's heel (the c4-pawn). If the d-pawn was placed just one square behind, on d3, White would enjoy considerable positional advantage, but the way it is he even has problems maintaining the balance even.} Ba6 17. Rac1 $146 {Judging from the modest effects produced by this novelty, we can guess that it was just over-the-board inspiration rather than fruit of thorough home analysis.} (17. e5 Bxc4 (17... Nd5 $5) 18. Rfc1 Bxe2 19. Rxc7 Nd5 {1/2-1/2 Cvetkovic,S (2460)-Lanka,Z (2420)/Trnava 1989/EXT 97}) 17... Rac8 18. e5 {White's problems consists of the fact that after the elimination of the c4-pawn the chronic weakness is extended to other light squares in the centre, which can be seen after} (18. g4 Bxc4 19. Qf3 d5 $1 20. e5 Ne4 {and White's attacking chances are rather doubtful.}) 18... Nd5 19. Bxd5 $146 {White definitevely gives up the fight for the light squares for the sake of a rather illusory kingside attack. In any case, after} (19. exd6 Qxd6 20. Bd2 Ne7 {he would have faced problems defending his central pawns.}) ({RR} 19. Bd2 Bxc4 20. Qg4 f5 21. exf6 Nxf6 22. Qh3 Qd7 23. Rfe1 Bxa2 24. Ra1 Rc2 25. Bc1 Re8 26. g4 Bd5 27. Bf1 g6 28. g5 Nh5 29. Re2 Rxc1 {0-1 (29) Spindelboeck,G (2227)-Poetz,F (2415) Graz 2013}) 19... exd5 20. f5 dxc4 21. f6 g6 22. Qg4 ({Pelletier:} 22. e6 fxe6 23. Bh6 Rf7 24. Qxe6 Qd7 25. d5 $13) 22... Qc6 $17 {Black's threats along the h1-a8 diagonal are more realistic than White's plan to deliver mate on g7.} 23. Rf4 dxe5 24. dxe5 Bb7 25. Qh3 Rfe8 26. Kf2 Rxe5 27. Rcxc4 Qxc4 28. Rxc4 Rxc4 29. Qd7 Rc2+ 30. Kg1 Bc6 31. Qd4 Rd5 32. Qg4 h5 0-1